000
00242nam a2200085Ia 4500
008
170620s9999 xx 000 0 und d
100
_a
Lakshmi- Gadde Bhuvaneswara
245
0
_a
Methods of Teaching Biology
260
_b
New Delhi- Discovery Publishing House
260
_c
2007
999
_c
24431
_d
24431